Normal view
MARC view
- Muchmore-Vokoun, April
Entry Personal Name
001 - CONTROL NUMBER
- control field: 36026
003 - CONTROL NUMBER IDENTIFIER
- control field: OSt
005 - DATE AND TIME OF LATEST TRANSACTION
- control field: 20140703100445.0
008 - FIXED-LENGTH DATA ELEMENTS
- fixed length control field: 140703|| aca||aabn | a|a d
040 ## - CATALOGING SOURCE
- Original cataloging agency: OSt
100 1# - HEADING--PERSONAL NAME
- Personal name: Muchmore-Vokoun, April
400 1# - SEE FROM TRACING--PERSONAL NAME
- Personal name: Vokoun, April Muchmore-